The biotechnology of ethanol: classical and future applications

Guardat en:
Dades bibliogràfiques
Autor principal: Roehr, M (Autor)
Format: Llibre
Idioma:anglès
Publicat: Weinheim Wiley-VCH 2001
Edició:1a. ed
Matèries:
Etiquetes: Afegir etiqueta
Sense etiquetes, Sigues el primer a etiquetar aquest registre!

MARC

LEADER 00000nam a2200000 a 4500
001 UCK6513
003 CL-VaPUC
008 051007e20010000GW |||||||||||||||||eng|d
020 |a 3527311992 
082 0 4 |a 660.6  |b ROE  |2 21 
100 0 |a Roehr, M  |e author  |9 495856 
245 1 4 |a The biotechnology of ethanol: classical and future applications 
250 |a 1a. ed 
300 |a 232 p 
942 |c BK 
945 |d 20051007 00:00:00  |a cmena 
260 |a Weinheim  |b Wiley-VCH  |c 2001 
650 0 |a Alcohol  |9 406704 
650 0 |a Biotecnología   |9 259561 
650 7 |a INDUSTRIAS QUIMICAS  |2 CL-VaPUC  |9 263925 
583 |a last modification  |c 20051007 00:00:00  |k Rodrigo Vera 
999 |c 314794  |d 314792 
952 |0 0  |1 0  |4 0  |6 660_600000000000000_ROE_2001  |7 0  |8 A  |9 387530  |a BIBING  |b BIBING  |d 2019-11-22  |i 4171942  |o 660.6 ROE 2001  |p 4171942  |r 2025-01-20  |w 2019-11-22  |y BK  |k EIB